載入...

Environment and politics

書目詳細資料
Main Authors: Doyle, Timothy, Mc Eachern, Doug
格式: Printed Book
出版: London, Routledge 1998
主題:
LEADER 005720000a22001810004500
020 |a 0-415-14776-X 
082 |a 363.741 DOY 
100 |a Doyle, Timothy  |9 135283 
100 |a Mc Eachern, Doug  |9 135284 
245 |a Environment and politics 
260 |a London, Routledge 
260 |c 1998 
650 |a Environmental policy  |9 135285 
650 |a Green movement  |9 135286 
650 |a Political aspects  |9 135287 
942 |c BK 
999 |c 177008  |d 177004 
952 |0 0  |1 0  |4 0  |6 363_741000000000000_DOY  |7 0  |9 175434  |a SES  |b SES  |d 2019-05-16  |l 0  |o 363.741 DOY  |p SES00542  |r 2019-05-16  |w 2019-05-16  |y BK